Quizzes
Events
Quiz Creation
Community
Videos
Private Events
Remove Ads
Sign In
Join for FREE
Feedback
Dark Mode
Quiz Categories
Sports
Geography
Music
Movies
Television
Just For Fun
Miscellaneous
History
Literature
Language
Science
Gaming
Entertainment
Religion
Holiday
For Kids
Quiz Lab
Recent
Popular Today
Quiz Kudos Today
Editor Picks
Curator Picks
Quizzes by...
Day
Popularity
Type
Ratings
Length
Year
Community
Subscriptions
Recent Discussions
Orange Saloon
Badges
Playlists
Quests
Create
Leaderboards
Showdown
Live 5
Trivia Bingo
Activity
Puzzle Library
Sporcle Events
Private Events
Virtual Trivia
Globe League
Become a Host
Pub Owners
SporcleCon
Opinionation
Our Games
Videos
Blog
Mobile Apps
Partnerships
Remove Ads and Go Orange
Feedback
Gaming
Video Games
Board Games
Card Games
Pokémon
Mario
Nintendo
Minecraft
Console
Toys
Legend of Zelda
Gaming
Video Games
Board Games
Card Games
Pokémon
Mario
Nintendo
Minecraft
Console
Toys
Legend of Zelda
Random Quiz
Search Sporcle
×
Quiz Lab
Quiz Lab
Gaming
Red Alert
Type in answers that appear in a list
Type in answers that appear in a list
Classic
Best Score? Go Orange.
C&C Red Alert 2 Units Stats
Can you name the C&C Red Alert 2 Units?
By
stinger503
15m
48 Questions
380 Plays
380 Plays
380 Plays
Comments
Comments
Give Quiz Kudos
Give Quiz Kudos
-
- Ratings
hide this ad
Random Order
Randomize order of answers
Randomize order of answers
Replay
Link that replays current quiz
Next Quiz
Link to next quiz in quiz playlist
You Got
0%
They Got
Avg Score
64%
Avg Friend Score
Upgrade to see
Score Distribution
Jump to the score distribution portion of the page
Score
0/48
Timer
15:00
0
Plays Today
Type
Unit
% Correct
Infantry
G.I.
90.8%
Infantry
Conscript
86.3%
Infantry
Tanya
85.5%
Infantry
Attack Dog
84.4%
Special
Sniper
82.3%
Infantry
Engineer
82.1%
Infantry
Tesla Trooper
80.2%
Sea
Dolphin
79.7%
Special
Russian Tesla Tanks
78.6%
Infantry
Yuri
78.4%
Infantry
Flak Trooper
78.1%
Air
Kirov
76%
Sea
Typhoon Submarine
75.5%
Vehicle
Prism Tank
75.5%
Sea
Giant Squid
75.2%
Air
Harrier
73.9%
Sea
Aircraft Carrier
73.1%
Infantry
Spy
72.3%
Special
Iraqi Desolator
71.5%
Vehicle
Rhino Heavy Tank
70.4%
Special
Tank Destroyer
69.9%
Vehicle
Mirage Tank
69.7%
Infantry
Crazy Ivan
69.4%
Vehicle
Grizzly Tank
69.4%
Type
Unit
% Correct
Sea
Destroyer
69.1%
Special
Libyan Demolition Trucks
67.3%
Special
Black Eagle
66.2%
Vehicle
Infantry Fighting Vehicle
66%
Vehicle
Apocalypse Tank
65.7%
Air
Rocketeer
65.7%
Vehicle
Flak Track
64.9%
Sea
Dreadnought
57.3%
Vehicle
Chrono Miner
57%
Vehicle
Mobile Construction Vehicle
55.7%
Vehicle
War Miner
54.4%
Air
Nighthawk Transport
54.4%
Vehicle
V3 Rocket Launcher
53.6%
Sea
Aegis Cruiser
53.3%
Sea
Amphibious Transport
52%
Infantry
Chrono Legionaire
49.9%
Sea
Sea Scorpion
48.3%
Infantry
Navy SEAL
46.2%
Special
Cuban Terrorists
43%
Infantry
Chrono Commando
38.8%
Infantry
Chrono Ivan
32.5%
Infantry
Yuri Prime
32.2%
Vehicle
Terror Drones
25.6%
Infantry
Psi Commando
24.3%
Quiz Playlist
Details
Report
Send in Message
Add To Playlist
Classic:
Type in answers that appear in a list
Random Order:
Randomize order of answers
Last Updated: Feb 16, 2017
Quiz Scoreboard
CHALLENGE
Sign Up to Join the Scoreboard
Show All
Scores
Hide
Comments
May contain spoilers
Recently Published
1-10 Letter E Words III
by El_Dandy
Language
2m
One Thing in Common: World Cities II
by knightlancer
Geography
7m
Popular People in 1961
by mucciniale
History
6m
More to Explore
Quiz From the Vault
Featured Blog Post
Where Did the Easter Bunny Come From?
hide this ad
You Might Also Like...
Tags
Alert
faction
Red
Red Alert
unit
Today's Top Quizzes in Gaming
Browse Gaming
hide this ad
Top Contributed Quizzes in Gaming
1
Destiny 2 exotic weapons by perk icons
2
Who's on the WWE 2K24 Cover?
3
Windmill: Pokémon
4
Overwatch 2 Heroes by Selection Quote
5
Overwatch 2: Ultimate Ability Icons
6
Genshin Impact Logic Puzzle
7
Genshin murder mystery
8
Legendary or Exotic?
9
Overwatch Logic Puzzle
10
Franchise by Action Figure
Explore More
Trending Topics
Harry Potter
Crossword
Kpop
Anime
Marvel
NBA
Disney
Pokémon
Puzzle
Soccer
NFL
WWE
The Office
Song
Country
hide this ad
More By:
stinger503
Quiz
Plays
Rating
Category
Featured
Created
Call Of Duty 5 Weapons
1,215
3.14
Gaming
Sep 30, 2009
Supertramp Songs
775
5.00
Music
Oct 13, 2009
C&C Red Alert 2 Units
380
4.50
Gaming
Oct 2, 2009
Canadian Musicians
358
4.33
Music
Oct 1, 2009
Carly Rae Jepsen Discography
106
Music
Feb 13, 2014
Go to Creator's Profile
Score Distribution
Quiz Creator Spotlight
stinger503
Follow
Send a Message
Quizzes Created
-
Created Quiz Play Count
-
More By This Creator
Popular Quizzes Today
1
Find the US States - No Outlines Minefield
2
Find the Countries of Europe - No Outlines Minefield
3
The Countries of the World
4
Popular People in 1961
5
1-10 Letter E Words III
6
Find the US States
7
One Thing in Common: World Cities II
8
US States
More Gaming Quizzes
Pokémon Generation I Type Blitz
Editor's Pick
Trending Quizzes
Risky Map Clicking: Least Populous States A-Z
1-10 Letter F Words
1-10 Letter G Words
One Thing in Common: United Kingdom
Risky Map Clicking: Next State Alphabetically
Recently Updated
Leaping Animals
pecheneg
Reality TV Shows (A-Z)
bhenderson79
Rickey Henderson's Hall of Fame Teammates
pecheneg
Champions League XIs: Arsenal
pecheneg
Quick Pick: Celebrities in WWE's Hall of Fame
aduchscher
A-Z Keypad Blitz II
pecheneg
Multiple Oscar Actors
pecheneg
Mystery Phrase Blitz: Oscar 'Best Actors'
pecheneg
F. Scott Fitzgerald Novels
LTH
Pick 3 Villains
ddd62291
Trending Topics
Marvel
Anime
Kpop
Crossword
Disney
NBA
Harry Potter
Song
NFL
Country
WWE
The Office
Soccer
Puzzle
Pokémon
Your Account Isn't Verified!
In order to create a playlist on Sporcle, you need to verify the email address you used during registration. Go to your
Sporcle Settings
to finish the process.
Report this User
Report this user for behavior that violates our
Community Guidelines
.
Details:
Send Report
Go to the Sporcle.com Mobile Site →
Comments